| 000 | 00639nam a22001937i 4500 | ||
|---|---|---|---|
| 001 | IT\ICCU\UBO\2188618 | ||
| 003 | ItRI | ||
| 005 | 20260115232323.0 | ||
| 008 | 030515s1959 it |||||| ||||| |||||c | ||
| 040 |
_bita _cimportazione bologna sebina |
||
| 041 | 7 |
_aita _2ISO-639-2 |
|
| 100 | 1 |
_aWest, Mae _0IT\ICCU\SBLV\025427 _4aut |
|
| 240 | 1 | 0 |
_aDiamond Lil. - _3IT\ICCU\RAV\0687543 _9West, Mae |
| 245 | 1 | 3 |
_aLe notti del sabato : _bDiamond Lil : romanzo / _cMae West. |
| 260 |
_aMilano : _bDel Duca, _cstampa 1959 |
||
| 300 |
_a289 p. ; _c21 cm |
||
| 500 | _aTradotto integralmente dall'originale da Sergio Monteverde. | ||
| 942 |
_2ddc _cBK _n0 |
||
| 999 |
_c20547 _d20547 |
||